000 00306nam a2200133Ia 4500
008 151001s9999||||xx |||||||||||||| ||und||
100 _aवसंत देशमुख
245 _aदूवा
250 _a1
260 _bनिशिगंधा
260 _c1969
300 _a80
365 _b18
999 _c955683
_d955680